[Event "VII Sunway Sitges Open 2020"]
[Site "Sitges"]
[Date "2020.12.23"]
[Round "10.17"]
[White "Ayats Llobera, Gerard"]
[Black "Narciso Dublan, Marc"]
[Result "1/2-1/2"]
[WhiteElo "2400"]
[BlackElo "2492"]
[Annotator "TA"]
[PlyCount "65"]
[EventDate "2020.12.13"]
[EventType "swiss"]
[EventCountry "ESP"]
[SourceTitle "playchess.com"]
[Source "ChessBase"]
[SourceQuality "1"]

{[%evp 16,65,44,42,52,52,45,30,50,31,40,-10,-8,-10,-7,-18,-16,-27,-16,-27,-26,-30,0,0,0,0,0,-28,-39,-29,-34,-37,-36,-31,-18,-27,-16,-240,0,0,0,0,0,-10,0,0,0,0,0,0,-5,-6]} 1. e4 e6 2. d4 d5 3. Nd2 Nf6 4. e5 Nfd7 5. Bd3 c5 6. c3 b6 7. Ne2 Ba6 8. Bxa6 Nxa6 9. Nf4 Nc7 {C06: French Tarrasch: 3...Nf6 4 e5 Nfd7 5 Bd3 main lines.} 10. Qg4 g6 11. h4 h5 {White has an edge.} 12. Qh3 {[#]} Nb8 $146 ({Predecessor:} 12... Be7 13. Nf3 c4 14. Be3 b5 15. g4 hxg4 16. Qxg4 Nf8 17. h5 gxh5 18. Rxh5 Rxh5 19. Nxh5 {1-0 (42) Steenbekkers,F (2198)-Waquet,F La Fere 2003}) 13. g4 hxg4 14. Qxg4 Nc6 15. Nf3 cxd4 16. cxd4 Qd7 17. Be3 O-O-O 18. O-O-O Na5 19. Kb1 Kb7 20. Ng5 Rc8 21. h5 gxh5 22. Rxh5 Rg8 23. Nd3 Nc4 24. Qf3 Be7 25. Nxf7 ({Don't blunder} 25. Qxf7 $2 Rcf8 $19) 25... Rg7 {Threatens to win with ...Rf8.} 26. Bh6 $2 {[#]} (26. Nd6+ $1 $11 Bxd6 27. exd6) 26... Rh7 $2 ({Better is} 26... Nb5 $1 $19 {[%cal Rb5d4][%mdl 512]} 27. Bxg7 (27. Nd6+ Bxd6) 27... Nxd4 28. Nd8+ Bxd8) 27. Be3 $11 {The position is equal.} Rxh5 28. Qxh5 Nb5 29. Rc1 {[#]} Nba3+ $1 30. bxa3 Qb5+ 31. Ka1 {And now Nd6+ would win.} Nxe3 32. fxe3 {aiming for Rxc8.} Qxd3 {[%mdl 64] Double Attack} 33. Rxc8 $1 {Weighted Error Value: White=0.19/Black=0.16} 1/2-1/2

[Event "VII Sunway Sitges Open 2020"]
[Site "Sitges"]
[Date "2020.12.23"]
[Round "10.18"]
[White "Msellek, Ilyass"]
[Black "Batsiashvili, Nino"]
[Result "0-1"]
[WhiteElo "2316"]
[BlackElo "2460"]
[Annotator "TA"]
[PlyCount "110"]
[EventDate "2020.12.13"]
[EventType "swiss"]
[EventCountry "ESP"]
[SourceTitle "playchess.com"]
[Source "ChessBase"]
[SourceQuality "1"]

{[%evp 17,110,53,51,21,26,14,0,4,29,0,0,0,0,-24,-8,-11,-15,-46,-19,-99,-41,-37,-46,-59,-45,-114,-25,-39,-11,-22,-12,-54,-55,-51,-43,-106,-47,-154,0,0,1,-38,0,0,0,0,0,0,0,0,0,0,0,0,0,0,0,-58,-52,-56,-60,-114,-103,-119,-101,-116,-115,-390,-384,-408,-390,-433,-499,-492,-470,-638,-631,-638,-589,-743,-721,-834,-828,-760,-786,-772,-735,-1252,-1251,-1184,-989,-1435,-1395,-5924,-5473]} 1. e4 e5 2. Nf3 Nc6 3. Bb5 a6 4. Ba4 Nf6 5. O-O b5 6. Bb3 Bc5 7. a4 Rb8 8. c3 d6 9. d4 Bb6 10. a5 {C78: Ruy Lopez: Archangelsk and Möller Defences.} Ba7 ({Avoid the trap} 10... Bxa5 $2 11. dxe5 (11. d5 Ne7 $18) 11... dxe5 12. Qxd8+ Kxd8 13. Bd5 $18 (13. Bxf7 Bb6 $16)) 11. h3 Bb7 12. Re1 {The position is equal.} O-O 13. Be3 exd4 ({Reject} 13... Nxe4 $6 14. d5 $16) 14. cxd4 {With the idea d5.} Nb4 {14...Ne7 might become the main line.} ({Not} 14... Nxe4 15. d5 $18) 15. d5 Bxe3 16. Rxe3 c5 17. Nbd2 {[#]} Re8 $146 ({Predecessor:} 17... Nd7 18. Bc2 Qf6 19. Rb1 Rbe8 20. Nf1 Ne5 21. N3d2 g6 22. Ng3 Re7 23. Rc3 Rfe8 {0-1 (55) Antoniewski,R (2512)-Pavasovic,D (2597) Austria 2007}) 18. Qb1 (18. Ne1 $11) 18... Bc8 (18... Nh5 $17 19. h4 Qd7) 19. Nf1 $15 Nh5 20. Qe1 Rb7 21. Qc3 (21. Rd1 $15) 21... Nf4 (21... Rbe7 $1 $17 22. Rae1 Qxa5) 22. Ng3 $11 h5 23. Ne2 Ng6 24. Ng3 h4 $1 {[%cal Rh4g3]} 25. Nh5 {[%csl Gh5][%cal Rc3g7]} f6 26. Bd1 (26. Rae1 $15) 26... Rbe7 (26... f5 $1 $17 {[%cal Rf5e4]} 27. exf5 Rxe3 28. Qxe3 Bxf5) 27. Nd2 {[#]} (27. Bc2 $15) 27... Re5 $2 ({Black should play} 27... f5 $1 $17 28. exf5 Bxf5) 28. g4 $1 Qc7 29. Bf3 Qf7 (29... Rxh5 $5 30. gxh5 Nf4 $11) 30. Kh2 Rg5 31. Be2 Rge5 32. Bf3 Nf8 33. Rae1 Qg6 34. Bd1 Qh6 35. Nf3 Rxh5 36. gxh5 Qxh5 37. Rg1 (37. Qd2 $11) 37... Qh6 $15 38. Nd2 Ng6 39. Bg4 ({White should try} 39. Kh1 $15) 39... Bxg4 $17 40. Rxg4 Ne5 {And now ...Na2 would win.} 41. Rg2 f5 {Strongly threatening ...fxe4.} 42. f3 {[%mdl 8192] [#] Loses the game.} (42. Nf3 $17 {might work better.}) 42... Nc2 $1 $19 {[%mdl 512]} 43. Ree2 (43. Qxc2 Qxe3) 43... Nd4 44. Qe3 Qxe3 {Black is clearly winning.} 45. Rxe3 {[#]} f4 $1 {[%cal Rf4e3]} 46. Ree2 Nxe2 47. Rxe2 {[%mdl 4096] Endgame KRN-KRN} c4 48. Kg2 Rc8 49. Nb1 b4 50. Rc2 Rc5 51. Nd2 Rxa5 52. Nxc4 Rc5 53. b3 a5 54. Ra2 Nxc4 55. bxc4 Rxc4 {Weighted Error Value: White=0.73/Black=0.14} 0-1

[Event "VII Sunway Sitges Open 2020"]
[Site "Sitges"]
[Date "2020.12.23"]
[Round "10.19"]
[White "Lever, Erwan"]
[Black "Bulmaga, Irina"]
[Result "0-1"]
[WhiteElo "2200"]
[BlackElo "2424"]
[Annotator "TA"]
[PlyCount "64"]
[EventDate "2020.12.13"]
[EventType "swiss"]
[EventCountry "ESP"]
[SourceTitle "playchess.com"]
[Source "ChessBase"]
[SourceQuality "1"]

{[%evp 14,64,46,50,50,50,50,50,50,50,67,50,37,60,54,25,60,25,10,14,18,0,0,0,0,0,155,145,134,-2080,-620,-579,-514,-686,-667,-608,-547,-543,-534,-600,-279,-1247,-1210,-1125,-991,-929,-898,-29982,-29983,-29982,-29983,-12839,-12839]} 1. d4 Nf6 2. c4 e6 3. g3 d5 4. Nf3 dxc4 5. Bg2 a6 6. O-O Nc6 7. e3 Rb8 8. Nfd2 {8.Qe2 is the hot move.} e5 {E04: Open Catalan: 5 Nf3.} 9. Bxc6+ bxc6 10. dxe5 Ng4 {White is slightly better.} 11. Nxc4 Be6 12. Nbd2 Bb4 13. b3 h5 {Threatening ...h4.} 14. h3 Bc3 15. Ba3 (15. hxg4 Bxa1 16. Ba3 Bc3 $17) 15... Bxa1 16. Qxa1 h4 $1 {[%cal Rh4g3] [#] And now ...hxg3 would win.} 17. hxg4 hxg3 18. Nf3 {Ncd2 is the strong threat.} (18. fxg3 Bxc4 19. Rf2 (19. Nxc4 $2 Qd5 $19) 19... Be6 $19) 18... Qd3 $40 {[%mdl 128] Strongly threatening ...g2. Black attacks.} 19. Ncd2 {[#]} Bd5 $146 (19... Qh7 $2 20. fxg3 Bxg4 21. Nh4 $18) (19... Rd8 $1 $11 20. e4 (20. fxg3 $2 Qxe3+ 21. Rf2 Rxd2 $19 {[%mdl 64] Pin}) 20... Bxg4) ({Predecessor:} 19... Rd8 20. Qc1 g2 21. Kxg2 Bxg4 22. Rh1 Bxf3+ 23. Kxf3 Qf5+ 24. Ke2 Qd3+ 25. Kf3 Qf5+ 26. Ke2 Qd3+ 27. Kf3 Qf5+ 28. Ke2 Qd3+ 29. Kf3 Qf5+ {½-½ (29) Arvola,B (2482)-Vitenberg,N (2298) Fagernes 2020}) 20. e6 $16 f6 {White must now prevent ...Qxd2!} (20... Qh7 $2 21. exf7+ Bxf7 22. fxg3 $18) 21. g5 $2 {[%mdl 8192] Now White is beyond hope.} ({Don't go for} 21. fxg3 $2 Qxe3+ 22. Rf2 {[#]} Rh1+ $3 {[%mdl 512]} 23. Kxh1 Qxf2 $19) (21. Qc1 $16) 21... g2 ({Avoid the trap} 21... Qh7 $2 22. fxg3 Bxf3 23. Nxf3 $18) (21... Bxf3 $142 22. Nxf3 g2) 22. gxf6 $19 gxf1=Q+ 23. Nxf1 {Hoping for f7+.} Qg6+ (23... Bxf3 $2 24. f7+ Kd8 25. f8=Q+ (25. e7+ Kd7 $11) 25... Rxf8 26. e7+ Kd7 27. exf8=R $18) 24. Ng3 {aiming for f7+.} gxf6 ({Not} 24... Bxf3 $2 25. f7+ Kd8 26. f8=Q+ Rxf8 27. e7+ Kd7 28. exf8=R $18) 25. Qd4 Rd8 26. Qb4 {[%csl Ga3][%cal Rb4e7]} Qg7 (26... Qb1+ $142 27. Kg2 Qh7) 27. e7 $2 (27. Qf4) 27... Bxf3 {[%csl Gf3][%cal Rh8h1]} 28. exd8=Q+ Kxd8 {[%csl Gf3][%cal Rh8h1]} 29. Kf1 Qh7 {( -> ...Qh1+!)} 30. Qd4+ Kc8 31. Ke1 Qb1+ 32. Kd2 Rd8 {Weighted Error Value: White=0.80/Black=0.52} 0-1

[Event "VII Sunway Sitges Open 2020"]
[Site "Sitges"]
[Date "2020.12.23"]
[Round "10.20"]
[White "Jimenez Ruano, Adrian"]
[Black "Travadon, Loic"]
[Result "0-1"]
[WhiteElo "2279"]
[BlackElo "2421"]
[Annotator "TA"]
[PlyCount "80"]
[EventDate "2020.12.13"]
[EventType "swiss"]
[EventCountry "ESP"]
[SourceTitle "playchess.com"]
[Source "ChessBase"]
[SourceQuality "1"]

{[%evp 29,80,4,6,0,15,10,55,0,0,0,23,-30,41,43,31,7,87,100,183,31,67,67,194,200,253,33,150,75,90,116,126,69,64,62,75,71,65,45,75,-83,75,82,65,-420,-392,-468,-464,-445,-408,-29982,-29983,-29985,-29985]} 1. d4 d5 2. c4 e6 3. Nc3 c6 4. Nf3 dxc4 5. a4 Bb4 6. e3 b5 7. Bd2 a5 8. axb5 Bxc3 9. Bxc3 cxb5 10. b3 Bb7 11. bxc4 b4 12. Bb2 Nf6 13. Bd3 O-O 14. O-O Nbd7 15. Nd2 Qc7 16. f4 {D31: Queen's Gambit Declined: Semi-Slav without ...Nf6 (+ Marshall Gambit and Noteboom) and Exchange Variation lines without ...Nf6.} a4 17. Rb1 $1 b3 18. Ba3 (18. Ra1 $1 $14) 18... Rfd8 $11 19. Qe2 Nf8 {[#]} 20. f5 $146 (20. Rf2 $142) ({Predecessor:} 20. Rbc1 Ng6 21. f5 exf5 22. Rxf5 Re8 23. Rcf1 Ra6 24. e4 Rae6 25. d5 Re5 26. Rxf6 gxf6 27. Rxf6 {0-1 (37) Cleto,F (2528)-Voll,A (2504) ICCF email 2004}) 20... exf5 ({Better is} 20... e5 $11 21. d5 N8d7) 21. Rxf5 $14 Ng6 22. Rbf1 Re8 (22... Ra6 $11) 23. d5 $16 Rad8 (23... Ba6 $16 {was necessary.}) 24. Bb2 $2 ({Only move:} 24. Rxf6 $18 gxf6 25. Qf2 (25. Ne4 Rxe4 26. Bxe4 Ba6 $14)) 24... Rd6 $1 $14 25. Qf2 Ng4 (25... Bc8 $14) 26. Qg3 $1 $18 (26. Rxf7 $2 Rd7 $19) 26... Nh6 27. e4 ({White has to play} 27. Rh5 $18) 27... Bc8 (27... Nxf5 $6 28. exf5 Rd7 29. fxg6 $18) ({Black should play} 27... f6 $14) 28. Rg5 (28. Rh5 $142) 28... Qa7+ 29. Kh1 Ra6 {Black wants to play ...a3.} 30. Ba3 (30. Bc3 $1 $16) 30... f6 31. Rh5 Ng4 {Threatens to win with ...Qd4.} 32. c5 {And now Nc4 would win.} N4e5 33. Bb5 Rd8 {Strongly threatening ...Ra5.} 34. Nc4 (34. Nf3 $16 {[%cal Rf3e5] stays on course.} Ra5 35. Nxe5 Nxe5 36. Be2 (36. Rxf6 $2 Rxb5 37. Rf1 Ng6 $19)) 34... Ra5 $2 35. Nxe5 $16 ({Reject} 35. Nxa5 Qxa5 36. Be2 Qd2 $11) 35... Nxe5 36. Rxf6 $2 {[%mdl 8192]} (36. Be2 $14 Ba6 37. Bxa6 (37. Rxf6 Bxe2 38. Rhf5 Bg4 $17) 37... Qxa6 38. Rhf5) 36... Rxb5 $19 37. Qxe5 {[#]} b2 $1 {[%cal Rb2b1]} 38. Bxb2 {[#]} a3 $1 {[%cal Ra3b2]} 39. Rd6 (39. d6 $19 Qb7 40. Rf1 axb2 41. Rb1 (41. Qe7 $2 Qxe7 42. dxe7 Re8 $19)) 39... Rf8 {[%cal Rf8f1]} 40. Rf5 Bxf5 {Black used his chance.  Weighted Error Value: White=0.69/Black=0.33} 0-1

[Event "VII Sunway Sitges Open 2020"]
[Site "Sitges"]
[Date "2020.12.23"]
[Round "10.21"]
[White "Garriga Cazorla, Pere"]
[Black "Carbonell Sancho, Marc"]
[Result "1-0"]
[WhiteElo "2487"]
[BlackElo "2274"]
[Annotator "TA"]
[PlyCount "83"]
[EventDate "2020.12.13"]
[EventType "swiss"]
[EventCountry "ESP"]
[SourceTitle "playchess.com"]
[Source "ChessBase"]
[SourceQuality "1"]

{[%evp 13,83,29,48,37,37,40,35,44,58,62,100,65,70,87,100,70,86,99,127,100,164,156,158,175,181,180,216,233,228,235,239,249,303,303,296,296,297,282,281,289,289,293,295,306,303,285,285,285,265,255,343,341,462,441,524,504,828,482,1337,495,614,613,600,587,1164,1106,1030,989,1254,1067,1564,1532]} 1. d4 Nf6 2. c4 g6 3. Nc3 Bg7 4. e4 d6 5. h3 O-O 6. Be3 e5 7. d5 a5 8. g4 {E71: King's Indian: 4 e4 d6 5 h3.} Na6 9. Nge2 h5 10. f3 {White is slightly better.} Nd7 11. Qd2 {[#]} Ndc5 $146 ({Predecessor:} 11... Nb6 12. Ng1 Bd7 13. O-O-O h4 14. g5 Nc5 15. Rh2 Nba4 16. Rg2 Nxc3 17. Qxc3 a4 {1-0 (44) Sevilla,A (2427)-Faber,H (2456) Remote email 2012}) 12. O-O-O h4 13. Kb1 {White stays focused until the end.} Bd7 14. Rg1 a4 15. Nb5 Qe7 16. Nec3 Rfd8 {[#]} (16... c6 $16 {was necessary.}) 17. Nxc7 $1 $18 {[%mdl 576] Deflection} Nxc7 18. Bxc5 dxc5 19. d6 {[%mdl 64] Double Attack} Bc6 {Strongly threatening ...Qf8.} 20. dxe7 Rxd2 21. Rxd2 {Hoping for Rd8+.} Ne6 22. g5 Nd4 {[#]} 23. Rxd4 $1 exd4 24. Nd5 Be5 25. f4 Bxd5 26. cxd5 {[%mdl 4096] Endgame KRB-KRB} Bd6 27. e5 Bxe7 28. d6 Bd8 29. Bc4 Kg7 30. Re1 Ba5 31. Re2 Re8 32. Kc2 a3 33. bxa3 {[%cal Bb2a3,Ba3a4][%mdl 32] White is clearly winning.} Kf8 34. Kd3 Bc3 (34... Kg7 $142 35. Bd5 b5) 35. a4 Ra8 (35... Kg7 $142 36. Bd5 Ba5 37. Bxb7 Bc3) 36. Bb5 (36. e6 $142 {Threatening mate with e7+.} fxe6 37. Rxe6) 36... Rd8 37. Kc4 Bb4 38. Kd5 Ba3 39. e6 fxe6+ 40. Rxe6 Kf7 41. Bd3 Kf8 42. Rf6+ {Weighted Error Value: White=0.28/Black=0.29} 1-0

[Event "VII Sunway Sitges Open 2020"]
[Site "Sitges"]
[Date "2020.12.23"]
[Round "10.22"]
[White "Asis Gargatagli, Hipolito"]
[Black "Dalaud, Dorian"]
[Result "1-0"]
[WhiteElo "2470"]
[BlackElo "2291"]
[Annotator "TA"]
[PlyCount "73"]
[EventDate "2020.12.13"]
[EventType "swiss"]
[EventCountry "ESP"]
[SourceTitle "playchess.com"]
[Source "ChessBase"]
[SourceQuality "1"]

{[%evp 12,73,21,-18,-21,-29,-22,-20,51,35,54,57,58,56,45,42,113,91,108,102,109,116,142,104,106,115,144,151,200,200,181,192,202,235,347,176,296,279,311,310,366,350,507,500,605,604,704,689,817,756,1068,1033,1191,1238,1456,1266,1626,1616,1610,1590,1598,1483,2441,2358]} 1. e4 c5 2. c3 e6 3. d4 d5 4. e5 Nc6 5. Nf3 Qb6 6. Bd3 Bd7 7. O-O cxd4 {C02: French: Advance Variation.} 8. Re1 Nge7 9. h4 {[#]} O-O-O $146 (9... Rc8 $11) ({Predecessor:} 9... Rc8 10. Nbd2 dxc3 11. bxc3 Na5 12. Rb1 Qc7 13. Nb3 Nec6 14. Nbd4 Nxd4 15. cxd4 Be7 {1-0 (100) Jones,G (2670)-Erigaisi,A (2559) Chess.com INT 2020}) 10. Na3 Kb8 11. Nb5 Nc8 12. Nbxd4 Nxd4 13. Nxd4 Be7 (13... Bc5 $1 $14) 14. Qg4 h5 15. Qg3 (15. Qxg7 $6 Rdg8 $11) 15... Rdg8 16. a4 a6 17. Re2 Qd8 18. Nf3 Nb6 19. b3 d4 {[#]} 20. c4 ({Much less strong is} 20. cxd4 $6 Bc6 $16) ({Don't take} 20. Nxd4 $6 Bxh4 21. Qf3 Rf8 $16) 20... Bc6 21. Ng5 Be8 22. Bd2 Qc7 (22... Nd7 $142 23. b4 a5) 23. Nf3 (23. Ba5 $142) 23... Qd8 (23... Nd7 $142 24. Nxd4 Qb6) 24. a5 $18 Nc8 25. b4 Na7 26. Rb1 Ka8 (26... Bc6 {was worth a try.} 27. b5 axb5 28. cxb5 Bd5) 27. b5 {White is clearly winning.} Bc5 28. Ng5 axb5 29. cxb5 Qd5 30. a6 {[%cal Ba5a6,Ba6b7][%mdl 32]} Bxb5 31. axb7+ Kb8 32. Bxb5 Nxb5 33. Rxb5 d3 {[#]} 34. Re3 $1 {[%mdl 64] Pin} Qc6 {[#]} 35. Rxc5 $1 Qxc5 36. Nxf7 Rh7 37. Qg6 {Weighted Error Value: White=0.12/Black=0.44} 1-0

[Event "VII Sunway Sitges Open 2020"]
[Site "Sitges"]
[Date "2020.12.23"]
[Round "10.23"]
[White "Gatineau, Yovann"]
[Black "Ortega Ruiz, Jose Miguel"]
[Result "0-1"]
[WhiteElo "2423"]
[BlackElo "2251"]
[Annotator "TA"]
[PlyCount "122"]
[EventDate "2020.12.13"]
[EventType "swiss"]
[EventCountry "ESP"]
[SourceTitle "playchess.com"]
[Source "ChessBase"]
[SourceQuality "1"]

{[%evp 9,121,2,-2,-2,16,16,18,18,16,22,37,38,49,60,65,55,58,43,57,56,57,40,75,58,66,33,40,28,18,22,43,38,71,92,85,41,85,40,97,86,95,38,52,0,125,133,136,132,130,132,129,128,132,140,200,209,213,66,66,67,53,16,156,154,171,135,217,79,79,36,33,0,0,0,0,-17,-19,-102,-84,-214,-196,-207,-195,-195,-131,-283,-270,-1364,-1392,-1392,-1364,-1349,-1335,-1172,-1185,-714,-582,-29968,-29970,-29978,-29979,-29972,-29972,-29975,-29976,-29981,-29982,-29981,-29982,-29983,-29984,-29984,-29985,-29999]} 1. d4 Nf6 2. Bf4 g6 3. Nc3 d5 4. e3 Bg7 5. h4 c6 6. Be2 {A45: Trompowsky Attack.} h6 7. Nf3 Be6 8. Qd2 {The position is equal.} Nbd7 9. Ne5 {[#]} Nxe5 $146 ({Predecessor:} 9... a5 10. O-O-O a4 11. Kb1 Nxe5 12. Bxe5 b5 13. a3 Qb6 14. f3 O-O 15. Na2 c5 16. dxc5 Qxc5 {0-1 (50) Livaic,L (2495)-Tomashevsky,E (2705) chess.com INT 2020}) 10. Bxe5 Qc8 11. O-O-O b5 12. Bd3 a5 13. Ne2 Bf5 14. Nf4 h5 15. f3 Bh6 16. Rde1 Kf8 17. Rhf1 (17. Bxf5 {seems wilder.} Qxf5 18. Nd3 Qc8 19. Qf2 Bg7 20. Bf4) 17... Bxf4 18. Bxf4 Bxd3 19. Qxd3 Qf5 20. Qd2 Nd7 21. e4 Qe6 22. Kb1 Nb6 23. b3 Ra7 (23... a4 $14) 24. Bh6+ Kg8 25. g4 hxg4 26. Qf4 (26. exd5 $14 Qd6 27. dxc6 (27. fxg4 Nxd5 28. h5 a4 $11)) 26... Kh7 (26... Ra8 $11) 27. fxg4 $16 {Strongly threatening exd5.} dxe4 28. Rxe4 Nd5 29. Rxe6 Nxf4 30. Rxc6 $40 {[%mdl 128] Black is in trouble.} Nd5 31. Bd2 Kg7 (31... e6 $16 {is a better defense.}) 32. h5 $18 {Threatens to win with h6+.} gxh5 33. gxh5 (33. Rf5 $18 e6 34. Rg5+ (34. Rxh5 Rb8 $16) 34... Kh7 35. Rxh5+ Kg7 36. Rg5+ Kh7 37. Rh5+ Kg7 38. Rxh8 Kxh8 39. c4) 33... Rxh5 $14 34. Rg1+ Kh7 $1 35. Rc8 {Black should prevent Rgg8.} Nf6 (35... Rh2 $11 {keeps the balance.} 36. Kc1 e6) 36. Rf8 $16 e6 {[#]} 37. Bxa5 $1 {[%mdl 512]} Rh6 (37... Nd5 $16) 38. Bd8 (38. Bd2 $18 {and White stays clearly on top.} Rh4 39. Rb8) 38... Nd5 39. Rfg8 {[%csl Gg8][%cal Rg1g7]} (39. Kb2 {is more complex.} f5 40. Rgg8 Rh1 41. Bg5 Rd1 42. Rh8+) 39... f5 $1 40. Kb2 (40. a3 $5) 40... b4 41. R8g2 (41. R8g3 {looks sharper.} Rh5 42. Rf3 f4 43. Rg4 Ra8 44. Bh4) 41... Rh3 42. Ra1 (42. Bg5 {feels hotter.} f4 43. Rg4 f3 44. Rh4+ Rxh4 45. Bxh4 Kh6 46. Bf2) 42... f4 43. a3 (43. Re2 $11) 43... Ne3 $17 44. Rd2 (44. Rf2 $17 bxa3+ 45. Ka2) 44... bxa3+ $19 45. Ka2 Nd5 {[%cal Rd5c3]} 46. Rf1 Kg6 (46... Ra8 $19 47. Bg5 f3) 47. Rg2+ $2 (47. Ka1 $17) 47... Rg3 48. Rxg3+ (48. Rgf2) 48... fxg3 {[%mdl 4096] Endgame KRB-KRN} 49. Rg1 Nb4+ 50. Ka1 Nxc2+ 51. Ka2 Nb4+ 52. Ka1 Kf5 53. Bb6 Rh7 {Black mates.} 54. Bc5 {[#]} g2 $1 55. d5 {[#]} Rh1 $1 56. d6 {[#]} (56. Rb1 exd5) 56... Kf6 $1 57. Rb1 {[#]} (57. Bxb4 Rxg1+) 57... a2 $1 {[%csl Gh1][%cal Ra2b1][%mdl 64] Pin} 58. Rg1 {[#]} Kf7 $1 59. Kb2 {[#]} (59. d7 Rxg1+) 59... Ke8 $1 60. Bd4 (60. Ba7 Rxg1) 60... Kd7 61. Rxg2 a1=Q# {Never resign too early!  Weighted Error Value: White=0.40/Black=0.12} 0-1

[Event "VII Sunway Sitges Open 2020"]
[Site "Sitges"]
[Date "2020.12.23"]
[Round "10.24"]
[White "Esplugas Esteve, Vicenc"]
[Black "Vlachos, Anatole"]
[Result "0-1"]
[WhiteElo "2319"]
[BlackElo "2413"]
[Annotator "TA"]
[PlyCount "34"]
[EventDate "2020.12.13"]
[EventType "swiss"]
[EventCountry "ESP"]
[SourceTitle "playchess.com"]
[Source "ChessBase"]
[SourceQuality "1"]

{[%evp 9,34,35,39,45,38,47,58,36,34,23,17,23,22,11,9,-9,-27,-50,-74,-49,-13,-354,-336,-684,-671,-29993,-29994]} 1. e4 g6 2. d4 Bg7 3. Nc3 d6 4. Bg5 Nd7 5. Qd2 c5 6. Nf3 {B06: Modern Defence.} cxd4 7. Nxd4 Ngf6 8. f3 {White is slightly better.} a6 9. Bh6 Bxh6 10. Qxh6 b5 {[%cal Bb7b5,Bb5b4][%mdl 32]} 11. a4 b4 12. Nd5 Nxd5 {[#]} 13. Qg7 $146 ({Predecessor:} 13. Nc6 Qb6 14. exd5 Bb7 15. Bd3 Nf6 16. Bc4 Bxc6 17. dxc6 Qd4 18. Bb3 Qe5+ 19. Kf2 Qd4+ 20. Qe3 Qxe3+ 21. Kxe3 Rc8 22. a5 O-O 23. Ra4 Rxc6 {½-½ (23) Varacalli,F (2285)-Fell,S (2301) Buenos Aires 2018}) 13... Rf8 {[#] aiming for ...N5f6.} 14. exd5 Nf6 15. Nc6 $2 {[%mdl 8192]} (15. O-O-O $11) 15... Qb6 $19 16. Bc4 $2 (16. Bd3 Rg8 17. Qh6 Nxd5 18. Nxe7 Nxe7 19. O-O-O) 16... Qe3+ 17. Kd1 {[#]} Ne4 $1 {[%cal Re4f2][%mdl 512] Weighted Error Value: White=1.47/Black=0.03} 0-1

[Event "VII Sunway Sitges Open 2020"]
[Site "Sitges"]
[Date "2020.12.23"]
[Round "10.25"]
[White "Garcia Jimenez, Francisco Javier"]
[Black "Valenzuela Gomez, Fernando"]
[Result "1/2-1/2"]
[WhiteElo "2288"]
[BlackElo "2390"]
[Annotator "TA"]
[PlyCount "125"]
[EventDate "2020.12.13"]
[EventType "swiss"]
[EventCountry "ESP"]
[SourceTitle "playchess.com"]
[Source "ChessBase"]
[SourceQuality "1"]

{[%evp 9,125,-38,-13,-38,-38,-39,-31,-56,-33,-56,-20,-19,-11,-22,-2,-12,1,-26,2,0,22,25,22,-49,-27,-39,-39,-42,-52,-39,-30,-90,-15,-75,0,-10,12,0,14,0,44,50,58,0,56,37,56,65,135,141,140,138,143,95,95,95,115,106,210,211,206,220,173,178,346,346,314,168,168,168,168,169,170,166,168,167,166,166,167,164,166,166,208,219,191,114,114,111,101,21,634,518,694,666,576,576,441,114,114,114,172,172,172,20,20,20,20,20,20,20,20,20,20,20,20,0,0,0]} 1. c4 e6 2. b3 d5 3. Bb2 d4 4. g3 Nc6 5. Bg2 Nf6 6. d3 {A13: English Opening: 1...e6.} e5 7. Nf3 Bc5 8. O-O {Black is slightly better.} O-O {[#]} 9. Ba3 $146 ({Predecessor:} 9. Nbd2 h6 10. Ne1 a5 11. Nc2 Bg4 12. Ba3 Bxa3 13. Nxa3 Qd7 14. Nc2 Rfe8 15. Re1 {0-1 (35) Shahade,G (2476)-Hammer,J (2645) San Francisco 2019}) 9... Bxa3 10. Nxa3 Re8 11. Nc2 Qd6 12. Qd2 a5 13. a3 h6 14. b4 Bf5 15. Nh4 Bh7 16. Rfb1 ({White should try} 16. b5 $11 Nd8 17. f4) 16... g5 {...e4 is the strong threat.} 17. Bxc6 bxc6 18. Nf3 a4 19. h4 g4 20. Nfe1 (20. Nh2 $11) 20... Kg7 (20... Nh5 $1 $17) 21. e4 (21. e3 $11 {remains equal.}) 21... dxe3 (21... Qe6 $17) 22. Nxe3 $11 Rad8 {[%cal Rh7d3]} 23. Rd1 h5 24. Qc2 Nd7 25. Qxa4 f5 26. Qb3 (26. d4 $14) 26... c5 (26... f4 $11 27. Nf1 Nf8) 27. Qc3 $14 Kg8 28. b5 $1 Nf6 (28... f4 $14 29. Nd5 fxg3 30. fxg3 Nb6) 29. a4 $16 {[%cal Ba3a4,Ba4a5,Ba5a6,Ba6a7][%mdl 32]} f4 30. Nf1 Nd7 31. a5 Nf8 32. a6 Ne6 33. Nc2 Bxd3 (33... fxg3 $16 34. fxg3 (34. Nxg3 Nf4 $11) 34... Nd4 35. Nxd4 Qxd4+ 36. Qxd4 exd4) 34. Ne1 $18 {[%cal Rc3d3]} e4 {Hoping for ...Nd4.} 35. Nxd3 exd3 36. a7 {aiming for Qf6.} Nd4 $2 (36... Qd4 {might work better.} 37. Qxd4 Nxd4 38. gxf4 Nf3+ 39. Kg2 Kf7) 37. Qxd3 Qf6 38. Ra6 (38. Kg2 $142) 38... Qxa6 39. bxa6 Nf3+ 40. Kh1 Rxd3 41. Rxd3 {[%mdl 4096] Endgame Black must now prevent Rb3. KRN-KRN} Ra8 42. gxf4 Rxa7 43. Ra3 Kf7 44. Ng3 Nxh4 45. Nxh5 Nf5 46. Ng3 Nd6 47. Ra5 ({White should play} 47. Ra4 $1 $18) 47... Nxc4 $16 48. Rxc5 Nd6 49. Nf5 (49. Ra5 $16) 49... Nxf5 $2 {[%mdl 8192]} (49... Rxa6 $11 50. Rxc7+ Ke6 51. Nd4+ Kd5) 50. Rxf5+ $11 {KR-KR} Ke6 51. Ra5 c5 52. Kg2 c4 53. Kg3 $2 (53. Kf1 $18 {has better winning chances.} Kd6 54. f5) 53... c3 $16 54. Kxg4 c2 {[#]} (54... Kf6 $16 {is a better defense.}) 55. Rc5 $1 $18 Rxa6 {[#]} 56. f5+ $2 ({Don't do} 56. Rxc2 $6 Kf6 $14) (56. Kg5 $1 $18) 56... Kf6 $11 {The position is equal.} 57. Rxc2 Ra4+ $1 58. f4 Ra1 59. Rc6+ Kf7 60. f6 Ra5 61. Rb6 Rc5 62. f5 Rc1 63. Kf4 {Black escapes into a draw.  Weighted Error Value: White=0.30/Black=0.30} 1/2-1/2